Normal view
MARC view
- Jackson Paul
Entry Personal Name
001 - CONTROL NUMBER
- control field: 216700
003 - CONTROL NUMBER IDENTIFIER
- control field: OSt
005 - DATE AND TIME OF LATEST TRANSACTION
- control field: 20260210105249.0
008 - FIXED-LENGTH DATA ELEMENTS
- fixed length control field: 260210|| aca||aabn | a|a d
040 ## - CATALOGING SOURCE
- Original cataloging agency: OSt
- Transcribing agency: OSt
100 ## - HEADING--PERSONAL NAME
- Personal name: Jackson Paul
670 ## - SOURCE DATA FOUND
- Source citation: Work cat.: (OSt)370045: Jackson Paul, Structural Packaging: Design Your Own Boxes and 3-D Forms, 2012